Catálogo público

Catálogo de plantas medicinales : (Record no. 100511)

MARC details
000 -CABECERA
campo de control de longitud fija 01051nam a22003257a 4500
003 - IDENTIFICADOR DEL NÚMERO DE CONTROL
campo de control CHAP
005 - FECHA Y HORA DE LA ÚLTIMA TRANSACCIÓN
campo de control 20220329143710.0
008 - DATOS DE LONGITUD FIJA--INFORMACIÓN GENERAL
campo de control de longitud fija 110215s1994 mx r 00010 spa d
010 ## - NÚMERO DE CONTROL DE LA BIBLIOTECA DEL CONGRESO
Número de control de LC 100511
011 ## - ENLACE DEL NUMERO DE CONTROL DE LA BIBLIOTECA DEL CONGRESO [OBSOLETO]
Número de control de LC 101483
035 ## - NÚMERO DE CONTROL DEL SISTEMA
Número de control de sistema 112171
040 ## - FUENTE DE LA CATALOGACIÓN
Centro/agencia transcriptor CHAP
090 ## - LOCALMENTE ASIGNADO TIPO-LC NÚMERO DE CLASIFICACIÓN (OCLC); NÚMERO DE CLASIFICACIÓN LOCAL (RLIN)
Número de clasificación (OCLC) (R) ; Numero de clasificación, CALL (RLIN) (NR) Folleto 17916
100 1# - ENTRADA PRINCIPAL--NOMBRE DE PERSONA
Nombre de persona Avilés, Margarita.
9 (RLIN) 8874
245 10 - MENCIÓN DE TÍTULO
Título Catálogo de plantas medicinales :
Resto del título jardín etnobotánico
Mención de responsabilidad, etc. /por Margarita Avilés y Guillermo Suárez
260 ## - PUBLICACIÓN, DISTRIBUCIÓN, ETC.
Lugar de publicación, distribución, etc. Cuernavaca, Mor. :
Nombre del editor, distribuidor, etc. INAH,
Fecha de publicación, distribución, etc. 1994
300 ## - DESCRIPCIÓN FÍSICA
Extensión 47 p.
590 ## - NOTA LOCAL (RLIN)
Nota local BATCH-UPD
Procedencia (VM) [OBSOLETO] 10
Condición del los carretes individuales (VM) [OBSOLETO] 20130110
-- UCH01
-- 1137
590 ## - NOTA LOCAL (RLIN)
Nota local BATCH-UPD
Procedencia (VM) [OBSOLETO] 10
Condición del los carretes individuales (VM) [OBSOLETO] 20130410
-- UCH01
-- 0724
590 ## - NOTA LOCAL (RLIN)
Nota local BATCH-UPD
Procedencia (VM) [OBSOLETO] 10
Condición del los carretes individuales (VM) [OBSOLETO] 20130914
-- UCH01
-- 0458
590 ## - NOTA LOCAL (RLIN)
Nota local CONVERSION
Procedencia (VM) [OBSOLETO] 10
Condición del los carretes individuales (VM) [OBSOLETO] 20130109
-- UCH01
-- 1355
650 14 - PUNTO DE ACCESO ADICIONAL DE MATERIA--TÉRMINO DE MATERIA
Término de materia o nombre geográfico como elemento de entrada Botánica médica.
9 (RLIN) 14680
650 14 - PUNTO DE ACCESO ADICIONAL DE MATERIA--TÉRMINO DE MATERIA
Término de materia o nombre geográfico como elemento de entrada Botánica
Subdivisión general Catálogos y colecciones.
9 (RLIN) 14511
650 14 - PUNTO DE ACCESO ADICIONAL DE MATERIA--TÉRMINO DE MATERIA
Término de materia o nombre geográfico como elemento de entrada Etnobotánica
Subdivisión geográfica Morelos.
9 (RLIN) 38647
700 1# - PUNTO DE ACCESO ADICIONAL--NOMBRE DE PERSONA
Nombre de persona Suáres, Guillermo.
9 (RLIN) 110669
901 ## - ELEMENTOS DE DATOS A LOCAL LDA (RLIN)
a BK
911 ## - EQUIVALENCIA O REFERENCIA-CRUZADA-NOMBRE DE CONFERENCIA O REUNIÓN/CONGRESO [LOCAL, CANADÁ]
Nombre de congreso/reunión o jurisdicción como elemento de entrada en proceso
942 ## - ELEMENTOS DE PUNTO DE ACCESO ADICIONAL (KOHA)
Tipo de ítem Koha Folleto
949 ## - PROCESAMIENTO DE INFORMACIÓN LOCAL (OCLC)
a Folleto 17916
b BC
c FOLL
d 33724002232322
e TS1
i 112171
s b
Holdings
Estado de retiro Estado de pérdida Fuente del sistema de clasificación o colocación Estado dañado Restricciones de uso No para préstamo Código de colección Localización permanente Ubicación/localización actual Ubicación en estantería Fecha de adquisición Información codificada de la localización en otra ubicación Total de préstamos Signatura topográfica completa Código de barras Fecha visto por última vez Precio válido a partir de Tipo de ítem Koha
    Clasificación Universidad Autónoma de Chapingo   Préstamo interno   Folletos Biblioteca Central Biblioteca Central Planta alta - Área de Tesis - Folletos 17/12/2012 FOLL   Folleto 17916 33724002232322 31/12/2019 17/12/2012 Folleto